000 00974nam0a22002651 4500
001 rc\4327161
005 20250612051024.0
021 _aRU
_b[63-83876]
035 _a(NLR Aleph) 008515949
090 _a8198421
_c8198421
100 _a20130416d1963 |||y0rusy50 ca
101 0 _arus
102 _aRU
105 _aa z |||||
200 1 _aМежколхозные связи в капитальном строительстве
210 _aСаратов
_cКн. изд-во
_d1963
215 _a71 с.
_cил.
_d20
606 _aСельскохозяйственное строительство
_yСаратовская область
_2psbo
606 _aСтроительные организации, межколхозные
_yСаратовская область
_2psbo
700 1 _aВолосевич
_bП.И.
_gПетр Игнатьевич
801 0 _aRU
_bNLR
_gpsbo
801 1 _aRU
_bELAR
_2rusmarc
852 _aNLR
_j63-4/17422
942 _cBOOK
980 _aNB